[Event "Florianopolis op 8th"]
[Site "Florianopolis"]
[Date "2022.01.25"]
[Round "3"]
[White "Haraguchi, Diego Sashaki"]
[Black "Schmidt, Erick Eduardo da Si"]
[Result "1/2-1/2"]
[WhiteElo "1953"]
[BlackElo "1683"]
[PlyCount "141"]
[EventDate "2022.01.24"]
[EventType "swiss"]
[EventRounds "10"]
[EventCountry "BRA"]
[SourceTitle "CBM 206 Extra"]
[Source "ChessBase"]
[SourceDate "2022.03.31"]
[SourceVersion "1"]
[SourceVersionDate "2022.03.31"]
[SourceQuality "1"]

1. d4 d5 2. Nf3 Nf6 3. g3 e6 4. Bg2 c5 5. 0-0 cxd4 6. Nxd4 Nc6 7. c4 Bc5 8. Nb3 Be7 9. cxd5 exd5 10. Nc3 Be6 11. Nd4 0-0 12. Nxe6 fxe6 13. Qb3 Qb6 14. Bh3 Kf7 15. Qd1 Rad8 16. e3 e5 17. Qe2 Kg8 18. Rd1 d4 19. exd4 Nxd4 20. Qc4+ Kh8 21. Be3 Qxb2 22. Bxd4 Rxd4 23. Qb3 Qxb3 24. axb3 Rfd8 25. Re1 Bb4 26. Re3 a6 27. Ne2 Re4 28. Rxe4 Nxe4 29. Bg2 Nc5 30. Rc1 a5 31. Rf1 b6 32. Nc1 Ba3 33. Bc6 Bxc1 34. Rxc1 Nxb3 35. Re1 Nd4 36. Be4 b5 37. Kg2 b4 38. Bb1 a4 39. Rxe5 g6 40. Re7 Ra8 41. Re4 b3 42. Rxd4 a3 43. Rd1 Rc8 44. Rd3 a2 45. Bxa2 bxa2 46. Ra3 Rc2 47. Ra7 Kg8 48. Kf3 Kf8 49. Ke3 Ke8 50. h4 Kd8 51. f3 Kc8 52. Kd3 Rf2 53. Ke4 Kb8 54. Ra3 Re2+ 55. Kf4 h6 56. Kg4 Kb7 57. h5 gxh5+ 58. Kxh5 Rh2+ 59. Kg6 Rh3 60. g4 Rxf3 61. Rxa2 Rg3 62. Ra4 Rb3 63. Rc4 Kb6 64. Rc8 Rg3 65. Kf5 Rf3+ 66. Ke5 Re3+ 67. Kf5 Rh3 68. Rc2 Kb5 69. Rc7 Kb6 70. Rc8 Kb7 71. Rc4 1/2-1/2

[Event "BRA-ch U18"]
[Site "Florianopolis"]
[Date "2021.07.01"]
[Round "1"]
[White "Piccoli, Lucas Fonseca"]
[Black "Schmidt, Erick Eduardo da Si"]
[Result "1-0"]
[WhiteElo "2168"]
[BlackElo "1737"]
[PlyCount "79"]
[EventDate "2021.07.01"]
[EventType "swiss"]
[EventRounds "6"]
[EventCountry "BRA"]
[SourceTitle "CBM 203 Extra"]
[Source "ChessBase"]
[SourceDate "2021.09.30"]
[SourceVersion "1"]
[SourceVersionDate "2021.09.30"]
[SourceQuality "1"]

1. e4 c5 2. Nf3 Nc6 3. d4 cxd4 4. Nxd4 Nf6 5. Nc3 e5 6. Ndb5 d6 7. Bg5 a6 8. Na3 b5 9. Nd5 Be7 10. Bxf6 Bxf6 11. c4 b4 12. Nc2 Rb8 13. b3 0-0 14. g3 Be6 15. Nxf6+ Qxf6 16. Bg2 Qh6 17. 0-0 Bh3 18. Bxh3 Qxh3 19. Qxd6 Rbc8 20. Qd3 Rcd8 21. Qe2 Rd6 22. Rad1 Rg6 23. Qf3 f5 24. exf5 Rh6 25. Qd5+ Kh8 26. Qg2 Qxf5 27. Ne3 Qh5 28. Rd2 e4 29. g4 Qe8 30. f4 exf3 31. Rxf3 Rxf3 32. Qxf3 Rf6 33. Qg3 g6 34. Nd5 Re6 35. Rf2 Nd4 36. Kg2 Re2 37. Qf4 Rxf2+ 38. Kxf2 Qe2+ 39. Kg3 Ne6 40. Qf6+ 1-0

[Event "BRA-ch U14"]
[Site "Florianopolis"]
[Date "2018.04.28"]
[Round "1"]
[White "Pereira Neto, Francisco Mota"]
[Black "Schmidt, Erick Eduardo da Si"]
[Result "0-1"]
[WhiteElo "1807"]
[BlackElo "1609"]
[PlyCount "60"]
[EventDate "2018.04.28"]
[EventType "swiss"]
[EventRounds "6"]
[EventCountry "BRA"]
[SourceTitle "EXT 2021"]
[Source "ChessBase"]
[SourceDate "2020.10.23"]
[SourceVersion "1"]
[SourceVersionDate "2020.10.23"]
[SourceQuality "1"]

1. d4 d5 2. c4 c6 3. cxd5 cxd5 4. Nc3 Nf6 5. Nf3 Bf5 6. Bf4 a6 7. e3 e6 8. Bd3 Bg6 9. 0-0 Bd6 10. Bxd6 Qxd6 11. Rc1 0-0 12. Ne5 Nbd7 13. Nxd7 Qxd7 14. Qe2 b5 15. b4 Rfc8 16. Bxg6 hxg6 17. Rc2 Rc4 18. a3 Rac8 19. Rfc1 Qc7 20. f3 Nd7 21. Qd1 Nb6 22. Nxb5 axb5 23. Rxc4 dxc4 24. e4 c3 25. Qd3 Qc4 26. Qxc4 Rxc4 27. Kf2 Rxd4 28. Rxc3 Nc4 29. Ke1 Kf8 30. Kf2 Rd2+ 0-1